000 00770nam a2200277Ia 4500
001 9846
005 20240113234233.0
007 ta
008 050729s1896 g b000 u eng u
040 _aCotton College,Assam
041 _aeng
082 _a891.2
_bH 879 R
100 _aHultzsch, E. .
245 0 _aReports on Sanskrit Manuscripts in Southern India /
_cE. Hultzsch.
_hReports
250 _a1st ed. /
260 _aLondon :
_bSuperintendent Govt. Press ,
_c1896.
300 _a164p.xviii, ;
_c24cm.
500 _a469/Report
504 _aIndex
653 _aStatistics-Manuscripts-South India
653 _aManuscripts-South India, Sanskrit
653 _aReference-Reports
942 _2ddc
_cBK
999 _c9833
_d9833